000 00598nam a2200241Ia 4500
001 22170
003 GE_BSU
008 181216s||||||||xx |||||||||||||| ||und||
020 _a978-3-8252-4728-7
040 _cGE_BSU
080 _a34+811.112
100 _aHoffmann, Monika
245 _aDeutsch furs Jurastudium
245 _bIn 10 Lektionen zum Erfolg
260 _aStuttgart
260 _bFerdinand Schoningh
260 _c2017
300 _a172 p.;18cm.
541 _h50 Gel.
653 _aDeutsch furs Jurastudium
653 _aსამართალი. Право
942 _cBK
999 _c55095
_d55095